000 00389nam a2200133Ia 4500
003 GCL
008 140319s9999 xx 000 0 ara d
040 _aGCL /
_cGCL
082 0 4 _a301.32
_bح ع
245 1 0 _aعلم اجتماع السكان وتنمية الموارد البشرية
260 _a[S.N] :
_bدار المعرفة الجامعية ،
_c1992
300 _a355 ص
490 _a
999 _c54464
_d54464